1348 1808 1933 1685 1437 1513 1368 1178 1874 1540 1251 1657 1451 1327 1820 1729 1975 1567 1285 1065 1296 1839 1602 1481 1390 1184 1966 1080 1042 1903 1647 1029 1166 1529 1849 1174 1173 1810 1029 1250 1310 1060 1275 1692 1549 1179 1225 1817 1806 1844 1941 1799 1030 1888 1899 1479 1573 1484 1681 1166 1772 1425 1555 1389 1587 1014 1251 1640 1421 1342 1667 1527 1361 1087 1188 1271 1599 1957 1938 1514 1579 1051 1340 1113 1220 1080 1277 1125 1619 1682 1466 1767 1649 1218 1069 1111 1259 1478 1855 BCNSPRNW ULIB Ver.6.0+V

เปลี่ยนเป็นภาษาไทย

Change to English
 แสดงรายละเอียดบรรณานุกรม
  กลับหน้าหลัก

Brief Record : Get Marc (ISO 2709) : E-mail record : QR code < ปิดหน้าต่าง
LEADER : 00000nam 2200000uu 4500
001    13399125156
003     ULIB
008    161024s2558||||th 000 0 tha d
099    ^aวจ.WB537^bส984ผ
100    ^aโสภา ลี้ศิริวัฒกุล, คณิสร แก้วดง แลบุษยารัตน์ ลอยศักดิ์
245    ^aผลของการพัฒนาทักษะการนวดของเยาวชนเพื่อผ่อนคลายในผู้ที่มีปัญหาปวดไหล่ และคอ /^cโดยโสภา ลี้ศิริวัฒกุล, คณิสร แก้วดง และบุษยารัตน์ ลอยศักดิ์
260    ^aจันทบุรี :^bวิทยาลัยพยาบาลนี พระปกเกล้า จันทบุรี,^c2558
300    ^a74 แผ่น
700    ^aคณิสร แก้วแดง
700    ^aบุษยารัตน์ ลอยศักดิ์
945    ^p0^l0^i001405
999    ^aณรีรัตน์
รายการนี้ยังไม่มีแท็ก
คุณยังไม่ได้ล็อกอิน คุณสามารถมีกิจกรรมร่วมกับเว็บไซต์ได้ แต่ต้องล็อกอินก่อน ::
  ล็อกอิน

รายการสื่อสารสนเทศ

ลำดับที่ ประเภท เลขเรียก/บาร์โค้ด สถานที่ สถานะ
1. งานวิจัย
งานวิจัย
วจ.WB537 ส984ผ ฉ.1 
  Barcode: 001405
ห้องสมุดวิทยาเขตสวรรค์ประชารักษ์
►วิจัย
บนชั้น

BibComment


ยังไม่เคยถูกคอมเมนท์

คอมเมนท์ทรัพยากรรายการนี้
  คอมเมนท์: ผลของการพัฒนาทัก..


 Copyright 2026. Bcnsprnw @Library